| 000 | 00477pab a2200169 454500 | ||
|---|---|---|---|
| 008 | 180718b2011 xxu||||| |||| 00| 0 eng d | ||
| 100 | _aVijay, R. | ||
| 245 | _aIntra-agriculture migration and their consequence on land and labour markets: An exploratory analysis | ||
| 260 | _c2011 | ||
| 300 | _ap.441-456. | ||
| 362 | _aJul-Sep | ||
| 650 | _aLabour market | ||
| 650 | _aLabour migration | ||
| 773 | _aIndian Journal of Labour Economics | ||
| 908 | _aN | ||
| 909 | _a94451 | ||
| 999 |
_c94451 _d94451 |
||